[Event "FIDE Womens Grand Swiss 2021"]
[Site "Riga"]
[Date "2021.11.05"]
[Round "9.18"]
[White "Sukandar, Irine Kharisma"]
[Black "Rogule, Laura"]
[Result "1-0"]
[WhiteElo "2406"]
[BlackElo "2289"]
[Annotator "NA"]
[PlyCount "101"]
[EventDate "2021.10.27"]
[EventType "swiss"]
[EventCountry "LAT"]
[Tiebreak "Cut1 Buchholz+Sonneborn-Berger (Swiss)"]
[SourceTitle "playchess.com"]
[Source "ChessBase"]
[SourceQuality "1"]
[TimeControl "40/6000+30:20/3000+30:900+30"]

1. e4 {[%emt 0:10:27]} c5 {[%emt 0:10:09]} 2. Nc3 {[%emt 0:00:15]} Nc6 {
[%emt 0:00:54]} 3. Bb5 {[%emt 0:00:18]} Nd4 {[%emt 0:04:59]} 4. Nf3 {[%emt 0:
00:26]} a6 {[%emt 0:10:11]} 5. Bd3 {[%emt 0:00:31]} g6 {[%emt 0:07:09]} 6. Rb1
{[%emt 0:00:20]} Bg7 {[%emt 0:02:10]} 7. b4 {[%emt 0:00:19]} d6 {[%emt 0:12:31]
} 8. bxc5 {[%emt 0:02:43]} dxc5 {[%emt 0:02:03]} 9. Na4 {[%emt 0:01:02]} Ne6 {
[%emt 0:16:50]} 10. Nb6 {[%emt 0:01:49]} Rb8 {[%emt 0:02:15]} 11. Bc4 {[%emt 0:
02:08]} Nf6 {[%emt 0:02:36]} 12. d3 {[%emt 0:07:53]} O-O {[%emt 0:06:28]} 13.
O-O {[%emt 0:01:21]} Nh5 {[%emt 0:02:17]} 14. Be3 {[%emt 0:07:37]} Qd6 {
[%emt 0:02:51]} 15. Qd2 {[%emt 0:01:42]} Nef4 {[%emt 0:03:28]} 16. Rfe1 {
[%emt 0:05:14]} Qf6 {[%emt 0:13:46]} 17. Nxc8 {[%emt 0:13:27]} Rfxc8 {[%emt 0:
00:31]} 18. a4 {[%emt 0:01:51]} g5 {[%emt 0:01:00]} 19. g3 {[%emt 0:06:30]} h6
{[%emt 0:03:04]} 20. Qd1 {[%emt 0:02:57]} Qg6 {[%emt 0:01:26]} 21. gxf4 {
[%emt 0:04:55]} gxf4+ {[%emt 0:00:06]} 22. Kh1 {[%emt 0:00:06]} fxe3 {[%emt 0:
00:08]} 23. fxe3 {[%emt 0:00:30]} e6 {[%emt 0:02:30]} 24. Rg1 {[%emt 0:02:05]}
Qf6 {[%emt 0:00:02]} 25. Qf1 {[%emt 0:04:23]} b5 {[%emt 0:00:37]} 26. axb5 {
[%emt 0:00:44]} axb5 {[%emt 0:00:02]} 27. Rxb5 {[%emt 0:01:11]} Rxb5 {[%emt 0:
00:43]} 28. Bxb5 {[%emt 0:00:02]} c4 {[%emt 0:02:49]} 29. Bxc4 {[%emt 0:00:55]}
Rc5 {[%emt 0:00:34]} 30. Qh3 {[%emt 0:01:06]} Kf8 {[%emt 0:00:35]} 31. Rb1 {
[%emt 0:06:42]} Qd8 {[%emt 0:00:36]} 32. e5 {[%emt 0:00:51]} Qa8 {[%emt 0:00:
21]} 33. Kg1 {[%emt 0:05:48]} Bxe5 {[%emt 0:00:36]} 34. Qxh5 {[%emt 0:01:14]}
Bxh2+ {[%emt 0:00:35]} 35. Qxh2 {[%emt 0:00:07]} Qxf3 {[%emt 0:00:15]} 36. Qd6+
{[%emt 0:01:09]} Kg8 {[%emt 0:00:35]} 37. Qxc5 {[%emt 0:01:16]} Qg3+ {[%emt 0:
00:19]} 38. Kf1 {[%emt 0:00:07]} Qf3+ {[%emt 0:00:25]} 39. Ke1 {[%emt 0:00:07]}
Qh1+ {[%emt 0:00:20]} 40. Kd2 {[%emt 0:00:05]} Qxb1 {[%emt 0:00:05]} 41. Qh5 {
[%emt 0:51:42]} Kg7 {[%emt 0:50:40]} 42. Qg4+ {[%emt 0:01:06]} Kf8 {[%emt 0:00:
24]} 43. Qh4 {[%emt 0:00:44]} Kg7 {[%emt 0:00:06]} 44. Qd4+ {[%emt 0:00:21]}
Kg8 {[%emt 0:00:28]} 45. Qf6 {[%emt 0:00:54]} Qh1 {[%emt 0:00:19]} 46. d4 {
[%emt 0:01:06]} h5 {[%emt 0:00:13]} 47. Bf1 {[%emt 0:01:00]} Qh2+ {[%emt 0:00:
43]} 48. Kd3 {[%emt 0:00:15]} Qg3 {[%emt 0:00:35]} 49. Qf4 {[%emt 0:00:39]} Qe1
{[%emt 0:00:37]} 50. Be2 {[%emt 0:01:38]} h4 {[%emt 0:00:05]} 51. Bh5 {[%emt 0:
00:17]} 1-0

[Event "FIDE Womens Grand Swiss 2021"]
[Site "Riga"]
[Date "2021.11.05"]
[Round "9.19"]
[White "Socko, Monika"]
[Black "Danielian, Elina"]
[Result "1/2-1/2"]
[WhiteElo "2397"]
[BlackElo "2450"]
[Annotator "TA"]
[PlyCount "167"]
[EventDate "2021.10.27"]
[EventType "swiss"]
[EventCountry "LAT"]
[Tiebreak "Cut1 Buchholz+Sonneborn-Berger (Swiss)"]
[SourceTitle "playchess.com"]
[Source "ChessBase"]
[SourceQuality "1"]

{[%evp 19,167,31,43,28,57,36,38,35,26,25,23,23,70,17,25,14,23,0,0,-4,0,-31,-20,
-20,36,29,29,-8,0,-14,-16,-71,-74,-70,-68,-61,-4,-21,-19,-13,0,0,0,0,0,0,12,7,
10,14,19,0,0,0,0,0,0,0,0,0,0,0,0,0,0,0,0,0,0,0,-4,-4,-8,-8,-6,-38,-39,-50,-18,
-10,-2,-77,-69,-90,0,-360,0,0,0,0,0,0,0,0,0,0,0,0,0,0,0,0,0,0,0,0,0,0,0,0,0,
-28000,-28000,-28000,-28000,-28000,-28000,-28000,-28000,-28000,-28000,-28000,
-28000,-28000,-28000,-28000,-28000,-28000,-28000,-28000,-28000,-28000,-28000,
-28000,-28000,-28000,-28000,-28000,-28000,-28000,-28000,-28000,-28000,-28000,
-28000,-28000,-28000,-28000,-28000,-28000]} 1. d4 Nf6 2. c4 e6 3. g3 c5 4. d5
exd5 5. cxd5 d6 6. Nc3 g6 7. Bg2 Bg7 8. Nf3 O-O 9. O-O a6 10. a4 Re8 11. Re1 {
A62: Modern Benoni: Fianchetto Variation without early ...Nbd7.} h6 12. Bf4 g5
13. Bd2 {White is slightly better.} Bf5 14. h4 g4 15. Nh2 h5 16. e4 (16. Bf4
$14) 16... Bg6 $11 17. Bf4 Nfd7 18. Nf1 Ne5 19. Ne3 {[#]} Nbd7 $146 ({
Predecessor:} 19... Qb6 20. Qc2 Nbd7 21. Nf5 Bh8 22. b3 Qc7 23. Rac1 Rab8 24.
Ne2 b5 25. axb5 axb5 {1-0 (34) Bekker Jensen,S (2360)-Heyken,E (2325) Hamburg
1999}) 20. Nf5 Bxf5 21. exf5 Qb6 (21... c4 $1 $11) 22. Qc2 $14 c4 23. a5 (23.
f6 $5 Nxf6 24. Bxe5 Rxe5 25. Rxe5 dxe5 26. a5 $11) 23... Qb3 24. Qxb3 cxb3 25.
Ne4 (25. f6 $11 Bxf6 26. Ne4) 25... Nd3 $17 {[%mdl 64] Double Attack,
Discovered Attack} 26. Re3 Nxf4 ({Much weaker is} 26... Bxb2 $6 27. Rb1 $14)
27. gxf4 Bxb2 (27... Nc5 $15 28. Nxc5 Rxe3 29. fxe3 dxc5) 28. Rb1 $11 Bd4 29.
Rd3 {[%cal Rd3d4] [#]} Rxe4 30. Bxe4 Bf6 {aiming for ...Nc5.} 31. Rdxb3 Nc5 32.
Re3 Bxh4 33. Bc2 Bf6 34. Kg2 Kg7 35. f3 Bd4 36. Re2 gxf3+ 37. Kxf3 Bc3 38. Rg1+
Kf6 39. Rh1 Rh8 40. Reh2 Bxa5 41. Rxh5 Rxh5 42. Rxh5 {[%mdl 4096] Endgame
KRB-KBN} Bc3 43. Rh8 Ke7 44. f6+ Kxf6 45. Rd8 Ke7 46. Rc8 a5 47. Rc7+ Kf6 48.
Ke3 Bb2 49. Bd1 Bc1+ 50. Kd4 (50. Kf3 $11 {keeps the balance.}) 50... Bxf4 51.
Bh5 {[#]} a4 ({Better is} 51... b5 $1 $17 52. Rxf7+ Kg5) 52. Rxf7+ Kg5 {
Threatens to win with ...a3.} 53. Bd1 $1 a3 54. Rg7+ Kf6 {( -> ...a2)} 55. Rg2
Be5+ (55... b5 $5 56. Kc3 $8 Be5+ 57. Kb4 {[%mdl 64] Double Attack} Bb2 $11)
56. Kc4 Bb2 {...a2 is the strong threat.} 57. Bb3 b5+ (57... Ne4 {seems wilder.
} 58. Rg8 Nc3 59. Ra8 Ke5 60. Re8+ Kf4) 58. Kb4 Nxb3 59. Kxb3 {KR-KB} Ke5 60.
Rg5+ Kd4 61. Rh5 Kc5 62. Rg5 b4 63. Rh5 Be5 64. Rh4 Kxd5 $2 {[%mdl 8192]} (
64... Bd4 $11) 65. Rxb4 {White is now going downhill.} Bd4 {Mate.} 66. Ra4 Bc5
67. Kc3 Kc6 68. Ra8 d5 69. Ra6+ Kb5 70. Ra8 d4+ 71. Kd3 Kb4 72. Rb8+ {[#]} Ka5
$1 73. Kc4 Be7 74. Rb5+ Ka6 75. Re5 Bd8 76. Re2 d3 77. Kxd3 Kb5 78. Kc3 Bf6+
79. Kb3 Bb2 80. Rc2 Kb6 81. Rc8 Kb5 82. Ra8 Kc5 83. Ra5+ Kd4 84. Ra4+ {[%mdl
32768] Weighted Error Value: White=0.13/Black=0.09. An unexpected result.}
1/2-1/2

[Event "FIDE Womens Grand Swiss 2021"]
[Site "Riga"]
[Date "2021.11.05"]
[Round "9.20"]
[White "Arabidze, Meri"]
[Black "Divya Deshmukh"]
[Result "1-0"]
[WhiteElo "2441"]
[BlackElo "2305"]
[Annotator "NA"]
[PlyCount "81"]
[EventDate "2021.10.27"]
[EventType "swiss"]
[EventCountry "LAT"]
[Tiebreak "Cut1 Buchholz+Sonneborn-Berger (Swiss)"]
[SourceTitle "playchess.com"]
[Source "ChessBase"]
[SourceQuality "1"]
[TimeControl "40/6000+30:20/3000+30:900+30"]

1. d4 {[%emt 0:10:03]} d5 {[%emt 0:10:03]} 2. c4 {[%emt 0:00:15]} e6 {[%emt 0:
00:03]} 3. Nc3 {[%emt 0:01:14]} c6 {[%emt 0:00:03]} 4. g3 {[%emt 0:02:13]} Nf6
{[%emt 0:00:06]} 5. Bg2 {[%emt 0:00:18]} dxc4 {[%emt 0:03:16]} 6. Nf3 {[%emt 0:
01:12]} Nbd7 {[%emt 0:05:00]} 7. a4 {[%emt 0:04:08]} Bb4 {[%emt 0:00:33]} 8.
O-O {[%emt 0:00:38]} O-O {[%emt 0:02:17]} 9. Qc2 {[%emt 0:02:25]} Qe7 {[%emt 0:
04:31]} 10. Na2 {[%emt 0:18:59]} Bd6 {[%emt 0:06:30]} 11. Qxc4 {[%emt 0:00:44]}
e5 {[%emt 0:00:05]} 12. e4 {[%emt 0:02:25]} a6 {[%emt 0:13:50]} 13. a5 {
[%emt 0:10:08]} exd4 {[%emt 0:12:17]} 14. Nxd4 {[%emt 0:00:10]} Ne5 {[%emt 0:
00:17]} 15. Qc2 {[%emt 0:05:17]} Rd8 {[%emt 0:01:11]} 16. Nc3 {[%emt 0:02:29]}
Bc7 {[%emt 0:08:13]} 17. Nce2 {[%emt 0:06:12]} c5 {[%emt 0:16:37]} 18. Nf5 {
[%emt 0:00:37]} Bxf5 {[%emt 0:00:36]} 19. exf5 {[%emt 0:00:03]} Nd5 {[%emt 0:
06:02]} 20. Nc3 {[%emt 0:02:18]} Nb4 {[%emt 0:05:04]} 21. Qe2 {[%emt 0:00:19]}
Rab8 {[%emt 0:03:19]} 22. Ne4 {[%emt 0:09:19]} f6 {[%emt 0:00:56]} 23. Be3 {
[%emt 0:00:24]} b6 {[%emt 0:05:06]} 24. Rfd1 {[%emt 0:09:08]} Kh8 {[%emt 0:02:
04]} 25. axb6 {[%emt 0:03:33]} Bxb6 {[%emt 0:00:59]} 26. b3 {[%emt 0:00:18]}
Nec6 {[%emt 0:02:01]} 27. Qc4 {[%emt 0:06:40]} Nd4 {[%emt 0:01:13]} 28. Bf4 {
[%emt 0:01:36]} Rbc8 {[%emt 0:00:21]} 29. g4 {[%emt 0:01:21]} h6 {[%emt 0:01:
39]} 30. Rac1 {[%emt 0:01:44]} Nb5 {[%emt 0:00:40]} 31. Be3 {[%emt 0:03:26]}
Na3 {[%emt 0:00:34]} 32. Qe6 {[%emt 0:00:49]} Qa7 {[%emt 0:00:31]} 33. Nxf6 {
[%emt 0:01:23]} Nac2 {[%emt 0:00:29]} 34. Nd7 {[%emt 0:01:58]} Nxe3 {[%emt 0:
00:31]} 35. fxe3 {[%emt 0:00:23]} Nc6 {[%emt 0:00:32]} 36. Bxc6 {[%emt 0:01:51]
} Re8 {[%emt 0:00:27]} 37. Qg6 {[%emt 0:02:09]} c4 {[%emt 0:00:01]} 38. f6 {
[%emt 0:00:18]} Bxe3+ {[%emt 0:00:15]} 39. Kh1 {[%emt 0:00:11]} gxf6 {[%emt 0:
00:51]} 40. Qxf6+ {[%emt 0:00:12]} Kh7 {[%emt 0:00:04]} 41. Rxc4 {[%emt 0:23:
35]} 1-0

[Event "FIDE Womens Grand Swiss 2021"]
[Site "Riga"]
[Date "2021.11.05"]
[Round "9.21"]
[White "Milliet, Sophie"]
[Black "Arakhamia-Grant, Ketevan"]
[Result "1-0"]
[WhiteElo "2410"]
[BlackElo "2376"]
[Annotator "NA"]
[PlyCount "100"]
[EventDate "2021.10.27"]
[EventType "swiss"]
[EventCountry "LAT"]
[Tiebreak "Cut1 Buchholz+Sonneborn-Berger (Swiss)"]
[SourceTitle "playchess.com"]
[Source "ChessBase"]
[SourceQuality "1"]
[TimeControl "40/6000+30:20/3000+30:900+30"]

1. d4 {[%emt 0:10:03]} Nf6 {[%emt 0:11:57]} 2. c4 {[%emt 0:00:05]} e6 {[%emt 0:
04:07]} 3. Nf3 {[%emt 0:00:16]} d5 {[%emt 0:00:21]} 4. g3 {[%emt 0:00:30]} Be7
{[%emt 0:03:44]} 5. Bg2 {[%emt 0:00:10]} O-O {[%emt 0:00:07]} 6. O-O {[%emt 0:
00:04]} Nbd7 {[%emt 0:01:09]} 7. Qc2 {[%emt 0:04:10]} Ne4 {[%emt 0:07:48]} 8.
Nc3 {[%emt 0:04:11]} Nxc3 {[%emt 0:07:06]} 9. bxc3 {[%emt 0:01:39]} Nb6 {
[%emt 0:10:10]} 10. c5 {[%emt 0:10:28]} Nc4 {[%emt 0:00:31]} 11. Nd2 {[%emt 0:
01:41]} Nxd2 {[%emt 0:04:15]} 12. Bxd2 {[%emt 0:00:03]} b6 {[%emt 0:00:32]} 13.
c4 {[%emt 0:03:17]} Ba6 {[%emt 0:04:48]} 14. cxd5 {[%emt 0:02:36]} exd5 {
[%emt 0:00:11]} 15. Bf4 {[%emt 0:05:13]} Bc4 {[%emt 0:10:00]} 16. Rfd1 {
[%emt 0:00:56]} g5 {[%emt 0:18:29]} 17. Bc1 {[%emt 0:08:32]} f5 {[%emt 0:00:58]
} 18. e4 {[%emt 0:11:24]} f4 {[%emt 0:01:54]} 19. Re1 {[%emt 0:06:29]} f3 {
[%emt 0:05:14]} 20. Bh3 {[%emt 0:00:38]} Kh8 {[%emt 0:00:32]} 21. Bb2 {[%emt 0:
01:55]} c6 {[%emt 0:02:50]} 22. Re3 {[%emt 0:04:17]} Rf7 {[%emt 0:01:04]} 23.
Rae1 {[%emt 0:01:20]} b5 {[%emt 0:01:09]} 24. Be6 {[%emt 0:03:13]} Rf6 {
[%emt 0:01:21]} 25. exd5 {[%emt 0:00:31]} cxd5 {[%emt 0:00:39]} 26. Bxd5 {
[%emt 0:10:40]} Bxd5 {[%emt 0:00:49]} 27. Rxe7 {[%emt 0:00:04]} Qg8 {[%emt 0:
03:20]} 28. Rd7 {[%emt 0:06:12]} Rd8 {[%emt 0:00:38]} 29. Ree7 {[%emt 0:01:52]}
Rxd7 {[%emt 0:01:11]} 30. Rxd7 {[%emt 0:00:04]} Re6 {[%emt 0:01:05]} 31. h3 {
[%emt 0:06:53]} Re1+ {[%emt 0:03:07]} 32. Kh2 {[%emt 0:00:01]} Re2 {[%emt 0:00:
17]} 33. Qf5 {[%emt 0:00:16]} Qg6 {[%emt 0:00:58]} 34. Qxg6 {[%emt 0:03:34]}
Rxf2+ {[%emt 0:00:34]} 35. Kg1 {[%emt 0:03:14]} Rg2+ {[%emt 0:00:06]} 36. Kh1 {
[%emt 0:00:32]} hxg6 {[%emt 0:00:08]} 37. Rxd5 {[%emt 0:00:27]} Rxb2 {[%emt 0:
00:05]} 38. Kg1 {[%emt 0:00:33]} Rc2 {[%emt 0:01:19]} 39. Rd6 {[%emt 0:00:21]}
Rxa2 {[%emt 0:03:56]} 40. c6 {[%emt 0:00:59]} Rc2 {[%emt 0:00:43]} 41. d5 {
[%emt 0:50:49]} Kg7 {[%emt 0:30:33]} 42. Rd7+ {[%emt 0:00:00]} Kf6 {[%emt 0:00:
58]} 43. c7 {[%emt 0:00:00]} Ke5 {[%emt 0:03:37]} 44. d6 {[%emt 0:00:00]} a5 {
[%emt 0:04:45]} 45. Rd8 {[%emt 0:00:00]} Ke6 {[%emt 0:03:30]} 46. c8=Q+ {
[%emt 0:00:00]} Rxc8 {[%emt 0:00:06]} 47. Rxc8 {[%emt 0:00:00]} Kxd6 {[%emt 0:
00:17]} 48. Kf2 {[%emt 0:00:00]} a4 {[%emt 0:00:10]} 49. Kxf3 {[%emt 0:00:00]}
Kd5 {[%emt 0:04:31]} 50. Ke3 {[%emt 0:00:00]} b4 {[%emt 0:00:56]} 1-0

[Event "FIDE Womens Grand Swiss 2021"]
[Site "Riga"]
[Date "2021.11.05"]
[Round "9.22"]
[White "Houska, Jovanka"]
[Black "Lujan, Carolina"]
[Result "1-0"]
[WhiteElo "2381"]
[BlackElo "2340"]
[Annotator "NA"]
[PlyCount "57"]
[EventDate "2021.10.27"]
[EventType "swiss"]
[EventCountry "LAT"]
[Tiebreak "Cut1 Buchholz+Sonneborn-Berger (Swiss)"]
[SourceTitle "playchess.com"]
[Source "ChessBase"]
[SourceQuality "1"]
[TimeControl "40/6000+30:20/3000+30:900+30"]

1. d4 {[%emt 0:10:04]} Nf6 {[%emt 0:10:13]} 2. Nf3 {[%emt 0:00:05]} g6 {
[%emt 0:00:17]} 3. g3 {[%emt 0:00:12]} Bg7 {[%emt 0:00:18]} 4. Bg2 {[%emt 0:00:
04]} d5 {[%emt 0:01:09]} 5. O-O {[%emt 0:01:20]} O-O {[%emt 0:00:12]} 6. c4 {
[%emt 0:00:16]} dxc4 {[%emt 0:00:40]} 7. Na3 {[%emt 0:00:05]} c3 {[%emt 0:00:
08]} 8. bxc3 {[%emt 0:00:10]} c5 {[%emt 0:00:11]} 9. e3 {[%emt 0:00:24]} Nc6 {
[%emt 0:01:03]} 10. Qe2 {[%emt 0:00:48]} Bf5 {[%emt 0:01:41]} 11. Rd1 {[%emt 0:
02:51]} Qb6 {[%emt 0:06:20]} 12. Nd2 {[%emt 0:02:07]} Bg4 {[%emt 0:17:11]} 13.
f3 {[%emt 0:04:30]} Be6 {[%emt 0:02:54]} 14. Rb1 {[%emt 0:10:28]} Qc7 {[%emt 0:
06:13]} 15. Nb3 {[%emt 0:00:59]} b6 {[%emt 0:10:20]} 16. e4 {[%emt 0:07:18]}
Bxb3 {[%emt 0:07:41]} 17. axb3 {[%emt 0:00:04]} cxd4 {[%emt 0:01:24]} 18. cxd4
{[%emt 0:01:40]} e5 {[%emt 0:09:05]} 19. Nb5 {[%emt 0:04:01]} Qc8 {[%emt 0:12:
52]} 20. dxe5 {[%emt 0:10:03]} Nxe5 {[%emt 0:02:07]} 21. Ba3 {[%emt 0:00:12]}
Rd8 {[%emt 0:01:44]} 22. Rxd8+ {[%emt 0:07:31]} Qxd8 {[%emt 0:00:04]} 23. f4 {
[%emt 0:00:04]} Nc6 {[%emt 0:07:05]} 24. Rd1 {[%emt 0:06:54]} Qc8 {[%emt 0:11:
04]} 25. e5 {[%emt 0:00:25]} a6 {[%emt 0:00:32]} 26. Nd6 {[%emt 0:02:53]} Qc7 {
[%emt 0:00:24]} 27. exf6 {[%emt 0:00:34]} Bxf6 {[%emt 0:00:18]} 28. Qe4 {
[%emt 0:06:10]} Rd8 {[%emt 0:00:48]} 29. Qxc6 {[%emt 0:00:09]} 1-0

[Event "FIDE Womens Grand Swiss 2021"]
[Site "Riga"]
[Date "2021.11.05"]
[Round "9.23"]
[White "Padmini, Rout"]
[Black "Hoang, Thanh Trang"]
[Result "1/2-1/2"]
[WhiteElo "2380"]
[BlackElo "2380"]
[Annotator "ChessBase"]
[PlyCount "47"]
[EventDate "2021.10.27"]
[EventType "swiss"]
[EventCountry "LAT"]
[Tiebreak "Cut1 Buchholz+Sonneborn-Berger (Swiss)"]
[SourceTitle "playchess.com"]
[Source "ChessBase"]
[SourceQuality "1"]
[TimeControl "40/6000+30:20/3000+30:900+30"]

1. Nf3 {[%emt 0:10:04]} f5 {[%emt 0:10:26]} 2. g3 {[%emt 0:01:31]} Nf6 {
[%emt 0:00:24]} 3. Bg2 {[%emt 0:00:10]} g6 {[%emt 0:00:52]} 4. O-O {[%emt 0:00:
22]} Bg7 {[%emt 0:00:16]} 5. d4 {[%emt 0:00:09]} O-O {[%emt 0:00:59]} 6. c4 {
[%emt 0:00:29]} d6 {[%emt 0:00:48]} 7. b3 {[%emt 0:01:39]} e5 {[%emt 0:02:40]}
8. dxe5 {[%emt 0:00:15]} dxe5 {[%emt 0:02:05]} 9. Ba3 {[%emt 0:09:07]} Qxd1 {
[%emt 0:03:42]} 10. Rxd1 {[%emt 0:00:03]} Re8 {[%emt 0:01:21]} 11. Nc3 {
[%emt 0:01:29]} c6 {[%emt 0:04:30]} 12. e4 {[%emt 0:06:10]} f4 {[%emt 0:09:05]}
13. Bd6 {[%emt 0:02:24]} Bg4 {[%emt 0:01:49]} 14. h3 {[%emt 0:05:44]} Bxf3 {
[%emt 0:00:22]} 15. Bxf3 {[%emt 0:00:02]} Nbd7 {[%emt 0:09:43]} 16. Rac1 {
[%emt 0:04:33]} fxg3 {[%emt 0:05:22]} 17. fxg3 {[%emt 0:00:02]} Bh6 {[%emt 0:
01:48]} 18. Rc2 {[%emt 0:00:07]} Be3+ {[%emt 0:02:05]} 19. Kg2 {[%emt 0:00:03]}
Rad8 {[%emt 0:03:00]} 20. Bc7 {[%emt 0:03:22]} Rc8 {[%emt 0:00:53]} 21. Bd6 {
[%emt 0:00:28]} Rcd8 {[%emt 0:04:16]} 22. Bc7 {[%emt 0:02:18]} Rc8 {[%emt 0:00:
08]} 23. Bd6 {[%emt 0:00:07]} Rcd8 {[%emt 0:06:35]} 24. Bc7 {[%emt 0:01:14]}
1/2-1/2

[Event "FIDE Womens Grand Swiss 2021"]
[Site "Riga"]
[Date "2021.11.05"]
[Round "9.24"]
[White "Kamalidenova, Meruert"]
[Black "February, Jesse Nikki"]
[Result "1-0"]
[WhiteElo "2339"]
[BlackElo "1857"]
[Annotator "NA"]
[PlyCount "77"]
[EventDate "2021.10.27"]
[EventType "swiss"]
[EventCountry "LAT"]
[Tiebreak "Cut1 Buchholz+Sonneborn-Berger (Swiss)"]
[SourceTitle "playchess.com"]
[Source "ChessBase"]
[SourceQuality "1"]
[TimeControl "40/6000+30:20/3000+30:900+30"]

1. e4 {[%emt 0:10:06]} e6 {[%emt 0:10:28]} 2. d4 {[%emt 0:00:08]} d5 {[%emt 0:
00:14]} 3. Nc3 {[%emt 0:00:19]} h6 {[%emt 0:00:14]} 4. Nf3 {[%emt 0:02:18]} Nf6
{[%emt 0:00:17]} 5. Bd3 {[%emt 0:01:22]} Bb4 {[%emt 0:01:14]} 6. e5 {[%emt 0:
03:39]} Ne4 {[%emt 0:00:22]} 7. Bd2 {[%emt 0:00:27]} Nxd2 {[%emt 0:01:12]} 8.
Qxd2 {[%emt 0:00:19]} c5 {[%emt 0:00:42]} 9. a3 {[%emt 0:02:38]} Qa5 {[%emt 0:
00:38]} 10. O-O {[%emt 0:01:58]} Bxc3 {[%emt 0:00:33]} 11. bxc3 {[%emt 0:01:30]
} c4 {[%emt 0:01:04]} 12. Be2 {[%emt 0:00:41]} Bd7 {[%emt 0:00:52]} 13. Nh4 {
[%emt 0:02:02]} Na6 {[%emt 0:01:45]} 14. f4 {[%emt 0:02:22]} g6 {[%emt 0:05:04]
} 15. g4 {[%emt 0:01:48]} O-O-O {[%emt 0:01:16]} 16. Ng2 {[%emt 0:08:18]} Nc7 {
[%emt 0:01:15]} 17. a4 {[%emt 0:01:09]} Bxa4 {[%emt 0:01:36]} 18. f5 {[%emt 0:
02:33]} gxf5 {[%emt 0:04:32]} 19. gxf5 {[%emt 0:00:36]} b5 {[%emt 0:04:31]} 20.
Bh5 {[%emt 0:05:58]} Rd7 {[%emt 0:07:41]} 21. fxe6 {[%emt 0:01:42]} fxe6 {
[%emt 0:00:37]} 22. Rf6 {[%emt 0:00:07]} Rg7 {[%emt 0:03:11]} 23. Bf7 {[%emt 0:
04:56]} h5 {[%emt 0:07:05]} 24. Kf2 {[%emt 0:10:41]} Rf8 {[%emt 0:09:22]} 25.
Bxh5 {[%emt 0:02:48]} Rh8 {[%emt 0:00:12]} 26. Nf4 {[%emt 0:02:12]} Rgh7 {
[%emt 0:02:06]} 27. Rg1 {[%emt 0:01:58]} Rxh5 {[%emt 0:02:56]} 28. Nxh5 {
[%emt 0:00:06]} Rxh5 {[%emt 0:00:16]} 29. Rg8+ {[%emt 0:00:52]} Kb7 {[%emt 0:
01:06]} 30. Kg3 {[%emt 0:01:12]} Rf5 {[%emt 0:02:43]} 31. h4 {[%emt 0:01:38]}
Bb3 {[%emt 0:02:23]} 32. Rxf5 {[%emt 0:08:25]} exf5 {[%emt 0:00:32]} 33. Kh2 {
[%emt 0:00:15]} Ne6 {[%emt 0:08:10]} 34. h5 {[%emt 0:04:41]} Qc7 {[%emt 0:04:
52]} 35. Qh6 {[%emt 0:04:18]} Qe7 {[%emt 0:03:15]} 36. Qf6 {[%emt 0:00:15]} Qh7
{[%emt 0:00:14]} 37. Rh8 {[%emt 0:02:00]} Qg7 {[%emt 0:02:20]} 38. Qxg7+ {
[%emt 0:01:19]} Nxg7 {[%emt 0:00:08]} 39. h6 {[%emt 0:00:50]} 1-0

[Event "FIDE Womens Grand Swiss 2021"]
[Site "Riga"]
[Date "2021.11.05"]
[Round "9.25"]
[White "Golsta, Madara"]
[Black "Eizaguerri Floris, Maria"]
[Result "1-0"]
[WhiteElo "2003"]
[BlackElo "2328"]
[Annotator "NA"]
[PlyCount "89"]
[EventDate "2021.10.27"]
[EventType "swiss"]
[EventCountry "LAT"]
[Tiebreak "Cut1 Buchholz+Sonneborn-Berger (Swiss)"]
[SourceTitle "playchess.com"]
[Source "ChessBase"]
[SourceQuality "1"]
[TimeControl "40/6000+30:20/3000+30:900+30"]

1. e4 {[%emt 0:10:03]} c5 {[%emt 0:10:12]} 2. Nf3 {[%emt 0:00:13]} d6 {[%emt 0:
00:06]} 3. d4 {[%emt 0:00:11]} cxd4 {[%emt 0:00:04]} 4. Nxd4 {[%emt 0:00:07]}
Nf6 {[%emt 0:00:02]} 5. Nc3 {[%emt 0:00:12]} a6 {[%emt 0:00:03]} 6. Bd3 {
[%emt 0:00:38]} e6 {[%emt 0:01:48]} 7. O-O {[%emt 0:02:13]} Be7 {[%emt 0:00:11]
} 8. a4 {[%emt 0:08:05]} Nc6 {[%emt 0:02:04]} 9. Nxc6 {[%emt 0:03:31]} bxc6 {
[%emt 0:00:06]} 10. Kh1 {[%emt 0:03:51]} Nd7 {[%emt 0:06:52]} 11. f4 {[%emt 0:
08:15]} Qc7 {[%emt 0:04:25]} 12. Qg4 {[%emt 0:08:57]} Bf6 {[%emt 0:07:01]} 13.
e5 {[%emt 0:06:17]} h5 {[%emt 0:17:11]} 14. Qg3 {[%emt 0:08:37]} h4 {[%emt 0:
00:12]} 15. Qg4 {[%emt 0:00:24]} dxe5 {[%emt 0:00:21]} 16. Ne4 {[%emt 0:01:48]}
Bb7 {[%emt 0:02:01]} 17. h3 {[%emt 0:04:28]} O-O-O {[%emt 0:02:57]} 18. Qe2 {
[%emt 0:00:39]} a5 {[%emt 0:10:32]} 19. Ra3 {[%emt 0:04:43]} Be7 {[%emt 0:14:
08]} 20. Rb3 {[%emt 0:02:34]} f5 {[%emt 0:02:34]} 21. Ba6 {[%emt 0:06:00]} Nb6
{[%emt 0:00:46]} 22. Be3 {[%emt 0:03:14]} c5 {[%emt 0:00:17]} 23. Nxc5 {
[%emt 0:06:51]} Bxc5 {[%emt 0:13:02]} 24. Bxc5 {[%emt 0:02:46]} Qxc5 {[%emt 0:
04:39]} 25. Rc3 {[%emt 0:00:15]} Rd5 {[%emt 0:03:29]} 26. Rxc5+ {[%emt 0:05:18]
} Rxc5 {[%emt 0:00:01]} 27. Qe3 {[%emt 0:00:45]} Rc6 {[%emt 0:02:42]} 28. Bb5 {
[%emt 0:01:10]} Nd5 {[%emt 0:00:38]} 29. Qxe5 {[%emt 0:00:34]} Rxc2 {[%emt 0:
00:59]} 30. Qxe6+ {[%emt 0:01:26]} Kb8 {[%emt 0:00:15]} 31. Qd6+ {[%emt 0:05:
37]} Ka7 {[%emt 0:01:08]} 32. Bd3 {[%emt 0:04:53]} Rxb2 {[%emt 0:01:27]} 33.
Qc5+ {[%emt 0:00:29]} Kb8 {[%emt 0:00:28]} 34. Bc4 {[%emt 0:00:46]} Nc7 {
[%emt 0:01:08]} 35. Rc1 {[%emt 0:00:45]} Rc8 {[%emt 0:03:07]} 36. Bf1 {[%emt 0:
00:18]} Rb4 {[%emt 0:00:40]} 37. Qxa5 {[%emt 0:00:20]} Nd5 {[%emt 0:00:45]} 38.
Rxc8+ {[%emt 0:01:21]} Kxc8 {[%emt 0:00:01]} 39. Qc5+ {[%emt 0:00:25]} Kb8 {
[%emt 0:00:09]} 40. Ba6 {[%emt 0:00:56]} Rb1+ {[%emt 0:01:00]} 41. Kh2 {
[%emt 0:50:07]} Ba8 {[%emt 0:24:59]} 42. Bd3 {[%emt 0:00:00]} Rb2 {[%emt 0:05:
24]} 43. Qf8+ {[%emt 0:00:00]} Ka7 {[%emt 0:00:09]} 44. Qxg7+ {[%emt 0:00:07]}
Rb7 {[%emt 0:00:03]} 45. Qd4+ {[%emt 0:00:00]} 1-0